What's That Sound (Record no. 22168)
[ view plain ]
| 000 -LEADER | |
|---|---|
| fixed length control field | 00495nam a22001817a 4500 |
| 003 - CONTROL NUMBER IDENTIFIER | |
| control field | OSt |
| 005 - DATE AND TIME OF LATEST TRANSACTION | |
| control field | 20260515093430.0 |
| 008 - FIXED-LENGTH DATA ELEMENTS--GENERAL INFORMATION | |
| fixed length control field | 260515b |||||||| |||| 00| 0 eng d |
| 020 ## - INTERNATIONAL STANDARD BOOK NUMBER | |
| International Standard Book Number | 978-0-392-93229-4{pbk} |
| 040 ## - CATALOGING SOURCE | |
| Transcribing agency | Chuka University |
| 050 ## - LIBRARY OF CONGRESS CALL NUMBER | |
| Classification number | ML 3534 |
| Item number | .C6 2009 |
| 100 ## - MAIN ENTRY--PERSONAL NAME | |
| Personal name | Covach John |
| 9 (RLIN) | 24764 |
| 245 ## - TITLE STATEMENT | |
| Title | What's That Sound |
| 300 ## - PHYSICAL DESCRIPTION | |
| Extent | 566 |
| Other physical details | Coloured Illustrations |
| 650 ## - SUBJECT ADDED ENTRY--TOPICAL TERM | |
| Topical term or geographic name entry element | Rock Music-History and Critism |
| 9 (RLIN) | 24765 |
| 650 ## - SUBJECT ADDED ENTRY--TOPICAL TERM | |
| Topical term or geographic name entry element | What's That Sound |
| 9 (RLIN) | 24766 |
| 942 ## - ADDED ENTRY ELEMENTS (KOHA) | |
| Source of classification or shelving scheme | Library of Congress Classification |
| Koha item type | Music |
| Suppress in OPAC | No |
| Withdrawn status | Lost status | Source of classification or shelving scheme | Damaged status | Not for loan | Home library | Current library | Date acquired | Total Checkouts | Full call number | Barcode | Date last seen | Cost, replacement price | Price effective from | Koha item type |
|---|---|---|---|---|---|---|---|---|---|---|---|---|---|---|
| Library of Congress Classification | Main Campus Library | Main Campus Library | 15/05/2026 | ML 3534 .C6 2009 | 31744/2026 | 15/05/2026 | 1478.00 | 15/05/2026 | Music |
